000 00662nam a2200241Ia 4500
003 OSt
005 20221007065005.0
006 a|||||r|||| 00| 0
007 ta
008 221006b |||||||| |||| 00| 0 eng d
020 _a9789382823827
024 _a45,469
037 _cTextual
040 _aFLL
_cFLL
_beng
041 _2eng
_aeng
082 _aZ2,5(X5), Q7
100 _aMOHAN Shivani
_9686507
245 0 _aEconomic offences in India
_b Impact analysis
260 _aDelhi
_bSatyam Law International India
_c2017
300 _axiv,245p.
_ccm.
942 _hZ2,5(X5), Q7
_cTEXL
_2CC
999 _c1135960
_d1135960